| Tag |
First Indicator |
Second Indicator |
Subfields |
| LEADER |
00000cam a22000008a 4500 |
| 001 |
in00000071988 |
| 005 |
20151008062508.0 |
| 008 |
810511s1981 tnu b s00110 eng |
| 010 |
|
|
|a 81009483
|
| 020 |
|
|
|a 0878702032 :
|c $11.95
|
| 035 |
|
|
|a (OCoLC)07553237
|
| 035 |
|
|
|9 AAK0343AM
|
| 039 |
0 |
|
|a 2
|b 3
|c 3
|d 3
|e 3
|
| 040 |
|
|
|a DLC
|c DLC
|d TXA
|d UtOrBLW
|
| 043 |
|
|
|a n-us---
|
| 049 |
|
|
|a TXAM
|c [387418]
|
| 050 |
0 |
0 |
|a E609
|b .M37
|
| 082 |
0 |
|
|a 973.7
|2 19
|
| 100 |
1 |
|
|a Marszalek, John F.,
|d 1939-
|
| 245 |
1 |
0 |
|a Sherman's other war :
|b the general and the Civil War press /
|c John F. Marszalek.
|
| 263 |
|
|
|a 8109
|
| 264 |
|
1 |
|a Memphis :
|b Memphis State University Press,
|c [1981]
|
| 264 |
|
4 |
|c ©1981
|
| 300 |
|
|
|a x, 230 pages ;
|c 23 cm.
|
| 336 |
|
|
|a text
|b txt
|2 rdacontent
|
| 337 |
|
|
|a unmediated
|b n
|2 rdamedia
|
| 338 |
|
|
|a volume
|b nc
|2 rdacarrier
|
| 500 |
|
|
|a Includes index.
|
| 504 |
|
|
|a Bibliography: pages 215-225.
|
| 600 |
1 |
0 |
|a Sherman, William T.
|q (William Tecumseh),
|d 1820-1891
|x Relations with journalists.
|
| 650 |
|
0 |
|a Freedom of the press
|z United States
|x History
|y 19th century.
|
| 650 |
|
0 |
|a Journalists
|z United States
|x History
|y 19th century.
|
| 651 |
|
0 |
|a United States
|x History
|y Civil War, 1861-1865
|x Journalists.
|
| 999 |
|
|
|a MARS
|
| 999 |
f |
f |
|s 3f9b523c-bac5-367d-b6a5-d4c4201ac4ed
|i ebafcd12-0425-32dc-bc1d-0ef58bc0e59c
|t 0
|
| 952 |
f |
f |
|p ric
|a Texas A&M University
|b Rellis Campus
|c Joint Library Facility
|d Remote Storage
|t 0
|e E609 .M37
|h Library of Congress classification
|i unmediated -- volume
|m A14806107475
|
| 998 |
f |
f |
|a E609 .M37
|t 0
|l Remote Storage
|